000 003030000a22001330004500
003 MACL
040 _aMACL
090 _c37741
_d37739
100 _aWilliam
245 _aAn outline of the necessary Laws of Thought
260 _bLongman's Green And Co
_c1892
650 _aLogic
942 _cBOOK
_k160/ARC
999 _c37338
_d37338